| 000 | 01755nam a2200385 a 4500 | ||
|---|---|---|---|
| 001 | ebr10022128 | ||
| 003 | CaPaEBR | ||
| 006 | m u | ||
| 007 | cr cn||||||||| | ||
| 008 | 010119s2001 dcuab sb f000 0 eng | ||
| 010 | _z 2001016514 | ||
| 020 | _z0844410411 (pbk.) | ||
| 040 |
_aCaPaEBR _cCaPaEBR |
||
| 035 | _a(OCoLC)70769254 | ||
| 050 | 1 | 4 |
_aZ3501 _b.L53 2001 _aDT351eb |
| 051 |
_aZ663.252 _b.L53 2001 |
||
| 082 | 0 | 4 |
_a026/.967 _221 |
| 110 | 2 | _aLibrary of Congress. | |
| 245 | 1 | 0 |
_aLibrary of Congress Africana collections _h[electronic resource] : _ban illustrated guide. |
| 246 | 3 | 0 | _aAfricana collections |
| 260 |
_aWashington : _bLibrary of Congress : _bFor sale by U.S. G.P.O., _c2001. |
||
| 300 |
_a62 p. : _bill. (chiefly col.), maps (chiefly col.). |
||
| 490 | 1 | _aLibrary of Congress African and Middle Eastern collections illustrated guides | |
| 500 | _aText by Joanne M. Zellers, African Section, African and Middle Eastern Division, Library of Congress. | ||
| 504 | _aIncludes bibliographical references (p. 62). | ||
| 533 |
_aElectronic reproduction. _bPalo Alto, Calif. : _cebrary, _d2013. _nAvailable via World Wide Web. _nAccess may be limited to ebrary affiliated libraries. |
||
| 610 | 2 | 0 |
_aLibrary of Congress. _bAfrican Section. |
| 651 | 0 |
_aAfrica, Sub-Saharan _xLibrary resources. |
|
| 651 | 0 |
_aAfrica, Sub-Saharan _xLibrary resources _vPictorial works. |
|
| 655 | 7 |
_aElectronic books. _2local |
|
| 700 | 1 | _aZellers, Joanne M. | |
| 710 | 2 | _aebrary, Inc. | |
| 810 | 2 |
_aLibrary of Congress. _tLibrary of Congress African and Middle Eastern collections illustrated guides. |
|
| 856 | 4 | 0 |
_uhttp://site.ebrary.com/lib/rucke/Doc?id=10022128 _zAn electronic book accessible through the World Wide Web; click to view |
| 999 |
_c9690 _d9690 |
||